[Event "ODJM B 2024"]
[Site "Willingen GER"]
[Date "2024.05.23"]
[Round "7"]
[White "Rabus, Johann"]
[Black "Ahmadov, Ahmad"]
[Result "1-0"]
[Termination "normal"]
[Board "56"]
[WhiteElo "1597"]
[BlackElo "1729"]
[WhiteClock "01:10:55"]
[BlackClock "01:14:42"]
[PlyCount "49"]
[WhiteFideId "34602950"]
[BlackFideId "34661018"]
[EventCountry "GER"]
[EventRounds "9"]
[EventType "swiss"]
[EventDate "2024.05.18"]

1. e4 {[%clk 01:30:56]} {[%emt 00:00:03]} e6 {[%clk 01:30:56]} {[%emt
00:00:04]} 2. d4 {[%clk 01:31:21]} {[%emt 00:00:05]} d5 {[%clk 01:31:17]}
{[%emt 00:00:09]} 3. e5 {[%clk 01:31:46]} {[%emt 00:00:04]} c5 {[%clk
01:31:38]} {[%emt 00:00:10]} 4. c3 {[%clk 01:32:07]} {[%emt 00:00:09]} Nc6
{[%clk 01:31:53]} {[%emt 00:00:15]} 5. Nf3 {[%clk 01:32:30]} {[%emt 00:00:07]}
Qb6 {[%clk 01:32:11]} {[%emt 00:00:12]} 6. Bd3 {[%clk 01:32:57]} {[%emt
00:00:03]} Bd7 {[%clk 01:32:11]} {[%emt 00:00:30]} 7. dxc5 {[%clk 01:33:17]}
{[%emt 00:00:09]} Bxc5 {[%clk 01:32:08]} {[%emt 00:00:34]} 8. O-O {[%clk
01:33:31]} {[%emt 00:00:15]} f6 {[%clk 01:31:34]} {[%emt 00:01:05]} 9. b4
{[%clk 01:29:47]} {[%emt 00:04:14]} Be7 {[%clk 01:31:05]} {[%emt 00:00:59]} 10.
Re1 {[%clk 01:28:58]} {[%emt 00:01:19]} Nxe5 {[%clk 01:29:39]} {[%emt
00:01:57]} 11. Nxe5 {[%clk 01:27:49]} {[%emt 00:01:38]} fxe5 {[%clk 01:29:51]}
{[%emt 00:00:17]} 12. Qh5+ {[%clk 01:26:17]} {[%emt 00:02:03]} Kd8 {[%clk
01:28:43]} {[%emt 00:01:38]} 13. Qxe5 {[%clk 01:25:41]} {[%emt 00:01:05]} Bf6
{[%clk 01:28:36]} {[%emt 00:00:38]} 14. Qg3 {[%clk 01:24:32]} {[%emt 00:01:39]}
h6 {[%clk 01:25:39]} {[%emt 00:03:26]} 15. Be3 {[%clk 01:21:30]} {[%emt
00:03:32]} d4 {[%clk 01:23:35]} {[%emt 00:02:36]} 16. cxd4 {[%clk 01:19:29]}
{[%emt 00:02:30]} Qxb4 {[%clk 01:23:43]} {[%emt 00:00:22]} 17. Nd2 {[%clk
01:18:53]} {[%emt 00:01:05]} Qc3 {[%clk 01:22:39]} {[%emt 00:01:35]} 18. Be4
{[%clk 01:13:02]} {[%emt 00:06:21]} Bxd4 {[%clk 01:21:39]} {[%emt 00:01:29]}
19. Bxb7 {[%clk 01:12:17]} {[%emt 00:01:15]} Bxe3 {[%clk 01:20:54]} {[%emt
00:01:15]} 20. fxe3 {[%clk 01:12:00]} {[%emt 00:00:48]} Qxd2 {[%clk 01:18:46]}
{[%emt 00:02:39]} 21. Bxa8 {[%clk 01:11:20]} {[%emt 00:01:10]} Qc3 {[%clk
01:17:03]} {[%emt 00:02:11]} 22. Qf4 {[%clk 01:10:20]} {[%emt 00:01:31]} Nf6
{[%clk 01:16:42]} {[%emt 00:00:51]} 23. Qb8+ {[%clk 01:10:32]} {[%emt
00:00:18]} Bc8 {[%clk 01:15:46]} {[%emt 00:01:26]} 24. Rac1 {[%clk 01:10:39]}
{[%emt 00:00:23]} Qd2 {[%clk 01:14:42]} {[%emt 00:01:34]} 25. Red1 {[%clk
01:10:55]} {[%emt 00:00:13]} 1-0

[Event "ODJM B 2024"]
[Site "Willingen GER"]
[Date "2024.05.24"]
[Round "8"]
[White "Schedel, Loris"]
[Black "Beckmann, Jonathan"]
[Result "0-1"]
[Termination "normal"]
[Board "1"]
[WhiteElo "1819"]
[BlackElo "1827"]
[WhiteClock "00:29:57"]
[BlackClock "00:42:52"]
[PlyCount "102"]
[WhiteFideId "16255542"]
[BlackFideId "34672591"]
[EventCountry "GER"]
[EventRounds "9"]
[EventType "swiss"]
[EventDate "2024.05.18"]

1. e4 {[%clk 01:30:50]} {[%emt 00:00:09]} c5 {[%clk 01:30:53]} {[%emt
00:00:07]} 2. Nf3 {[%clk 01:31:15]} {[%emt 00:00:04]} d6 {[%clk 01:31:19]}
{[%emt 00:00:05]} 3. d4 {[%clk 01:31:41]} {[%emt 00:00:04]} cxd4 {[%clk
01:31:45]} {[%emt 00:00:04]} 4. Nxd4 {[%clk 01:32:08]} {[%emt 00:00:04]} Nf6
{[%clk 01:32:11]} {[%emt 00:00:04]} 5. Nc3 {[%clk 01:32:34]} {[%emt 00:00:04]}
a6 {[%clk 01:32:37]} {[%emt 00:00:04]} 6. Be2 {[%clk 01:32:06]} {[%emt
00:00:57]} e5 {[%clk 01:32:34]} {[%emt 00:00:33]} 7. Nb3 {[%clk 01:32:20]}
{[%emt 00:00:17]} Be6 {[%clk 01:32:57]} {[%emt 00:00:06]} 8. O-O {[%clk
01:31:00]} {[%emt 00:01:50]} Be7 {[%clk 01:32:34]} {[%emt 00:00:52]} 9. Be3
{[%clk 01:27:50]} {[%emt 00:03:41]} O-O {[%clk 01:30:58]} {[%emt 00:02:06]} 10.
f3 {[%clk 01:22:26]} {[%emt 00:05:53]} Nbd7 {[%clk 01:26:07]} {[%emt 00:05:21]}
11. Nd5 {[%clk 01:15:52]} {[%emt 00:07:05]} Bxd5 {[%clk 01:25:02]} {[%emt
00:01:35]} 12. exd5 {[%clk 01:16:13]} {[%emt 00:00:09]} Nb6 {[%clk 01:23:20]}
{[%emt 00:02:12]} 13. c4 {[%clk 01:15:14]} {[%emt 00:01:29]} Rc8 {[%clk
01:23:27]} {[%emt 00:00:23]} 14. Rc1 {[%clk 01:13:31]} {[%emt 00:02:13]} Nfd7
{[%clk 01:20:04]} {[%emt 00:03:53]} 15. Na5 {[%clk 01:02:31]} {[%emt 00:11:30]}
Qc7 {[%clk 01:07:23]} {[%emt 00:13:10]} 16. b4 {[%clk 01:00:19]} {[%emt
00:02:43]} Na8 {[%clk 01:02:41]} {[%emt 00:05:12]} 17. Qa4 {[%clk 00:53:00]}
{[%emt 00:07:50]} f5 {[%clk 00:53:21]} {[%emt 00:09:49]} 18. Qa3 {[%clk
00:44:54]} {[%emt 00:08:36]} Nf6 {[%clk 00:47:13]} {[%emt 00:06:38]} 19. Rfd1
{[%clk 00:41:56]} {[%emt 00:03:28]} Nb6 {[%clk 00:40:25]} {[%emt 00:07:18]} 20.
f4 {[%clk 00:34:15]} {[%emt 00:08:11]} Nbd7 {[%clk 00:34:10]} {[%emt 00:06:44]}
21. fxe5 {[%clk 00:28:30]} {[%emt 00:06:16]} Nxe5 {[%clk 00:34:23]} {[%emt
00:00:17]} 22. c5 {[%clk 00:28:36]} {[%emt 00:00:24]} Kh8 {[%clk 00:33:05]}
{[%emt 00:01:48]} 23. Bf4 {[%clk 00:27:43]} {[%emt 00:01:23]} dxc5 {[%clk
00:28:17]} {[%emt 00:05:19]} 24. Qe3 {[%clk 00:17:07]} {[%emt 00:11:05]} Bd6
{[%clk 00:25:22]} {[%emt 00:03:25]} 25. Bxe5 {[%clk 00:15:01]} {[%emt
00:02:37]} Bxe5 {[%clk 00:25:39]} {[%emt 00:00:12]} 26. Rxc5 {[%clk 00:15:04]}
{[%emt 00:00:27]} Qe7 {[%clk 00:19:51]} {[%emt 00:06:18]} 27. Kh1 {[%clk
00:12:55]} {[%emt 00:02:39]} Ne4 {[%clk 00:19:51]} {[%emt 00:00:30]} 28. Nc4
{[%clk 00:04:28]} {[%emt 00:08:57]} Nxc5 {[%clk 00:17:04]} {[%emt 00:03:16]}
29. bxc5 {[%clk 00:04:56]} {[%emt 00:00:03]} Rfe8 {[%clk 00:14:49]} {[%emt
00:02:45]} 30. Bh5 {[%clk 00:03:11]} {[%emt 00:02:14]} g6 {[%clk 00:12:12]}
{[%emt 00:03:08]} 31. Re1 {[%clk 00:02:35]} {[%emt 00:01:07]} Bf6 {[%clk
00:10:43]} {[%emt 00:01:58]} 32. Qxe7 {[%clk 00:01:53]} {[%emt 00:01:12]} Rxe7
{[%clk 00:11:06]} {[%emt 00:00:08]} 33. Rxe7 {[%clk 00:02:21]} {[%emt
00:00:01]} Bxe7 {[%clk 00:11:30]} {[%emt 00:00:06]} 34. d6 {[%clk 00:01:53]}
{[%emt 00:00:58]} Bxd6 {[%clk 00:11:19]} {[%emt 00:00:41]} 35. Nxd6 {[%clk
00:01:36]} {[%emt 00:00:47]} Rxc5 {[%clk 00:11:36]} {[%emt 00:00:13]} 36. Kg1
{[%clk 00:01:51]} {[%emt 00:00:15]} gxh5 {[%clk 00:11:40]} {[%emt 00:00:26]}
37. Nxb7 {[%clk 00:01:45]} {[%emt 00:00:36]} Rc1+ {[%clk 00:12:00]} {[%emt
00:00:10]} 38. Kf2 {[%clk 00:02:11]} {[%emt 00:00:04]} Ra1 {[%clk 00:12:24]}
{[%emt 00:00:05]} 39. a4 {[%clk 00:01:36]} {[%emt 00:01:06]} Rxa4 {[%clk
00:12:23]} {[%emt 00:00:30]} 40. Nc5 {[%clk 00:01:57]} {[%emt 00:00:10]} Ra3
{[%clk 00:12:32]} {[%emt 00:00:13]} 41. g3 {[%clk 00:00:42]} {[%emt 00:01:52]}
a5 {[%clk 00:11:54]} {[%emt 00:01:09]} 42. Kg2 {[%clk 00:01:06]} {[%emt
00:00:06]} a4 {[%clk 00:12:11]} {[%emt 00:00:13]} 43. Kh3 {[%clk 00:01:31]}
{[%emt 00:00:05]} Kg7 {[%clk 00:11:44]} {[%emt 00:00:56]} 44. Kh4 {[%clk
00:01:34]} {[%emt 00:00:28]} Ra1 {[%clk 00:11:33]} {[%emt 00:00:41]} 45. Kxh5
{[%clk 00:30:19]} {[%emt 00:01:45]} a3 {[%clk 00:41:45]} {[%emt 00:00:18]} 46.
Ne6+ {[%clk 00:30:02]} {[%emt 00:00:47]} Kf6 {[%clk 00:41:54]} {[%emt
00:00:21]} 47. Nf8 {[%clk 00:30:15]} {[%emt 00:00:17]} a2 {[%clk 00:42:01]}
{[%emt 00:00:22]} 48. Nxh7+ {[%clk 00:30:37]} {[%emt 00:00:08]} Ke5 {[%clk
00:42:11]} {[%emt 00:00:20]} 49. Ng5 {[%clk 00:30:33]} {[%emt 00:00:35]} Rh1
{[%clk 00:42:16]} {[%emt 00:00:22]} 50. Nf3+ {[%clk 00:30:23]} {[%emt
00:00:43]} Kf6 {[%clk 00:42:35]} {[%emt 00:00:11]} 51. h4 {[%clk 00:29:57]}
{[%emt 00:00:55]} a1=Q {[%clk 00:42:52]} {[%emt 00:00:13]} 0-1

[Event "ODJM B 2024"]
[Site "Willingen GER"]
[Date "2024.05.24"]
[Round "8"]
[White "John, Niklas"]
[Black "Langer, Paul Georg"]
[Result "0-1"]
[Termination "normal"]
[Board "2"]
[WhiteElo "1797"]
[BlackElo "1882"]
[WhiteClock "00:16:42"]
[BlackClock "00:08:28"]
[PlyCount "106"]
[WhiteFideId "16234626"]
[BlackFideId "16230051"]
[EventCountry "GER"]
[EventRounds "9"]
[EventType "swiss"]
[EventDate "2024.05.18"]

1. e4 {[%clk 01:30:55]} {[%emt 00:00:04]} c5 {[%clk 01:30:53]} {[%emt
00:00:07]} 2. Nf3 {[%clk 01:31:14]} {[%emt 00:00:11]} d6 {[%clk 01:31:17]}
{[%emt 00:00:06]} 3. d4 {[%clk 01:31:22]} {[%emt 00:00:21]} cxd4 {[%clk
01:31:43]} {[%emt 00:00:05]} 4. Nxd4 {[%clk 01:31:44]} {[%emt 00:00:08]} Nf6
{[%clk 01:32:07]} {[%emt 00:00:06]} 5. Nc3 {[%clk 01:32:05]} {[%emt 00:00:09]}
a6 {[%clk 01:32:30]} {[%emt 00:00:08]} 6. h3 {[%clk 01:31:57]} {[%emt
00:00:37]} e5 {[%clk 01:32:54]} {[%emt 00:00:07]} 7. Nde2 {[%clk 01:31:40]}
{[%emt 00:00:46]} h5 {[%clk 01:33:08]} {[%emt 00:00:16]} 8. g3 {[%clk
01:30:24]} {[%emt 00:01:47]} Nbd7 {[%clk 01:31:20]} {[%emt 00:02:18]} 9. Bg2
{[%clk 01:30:05]} {[%emt 00:00:48]} b5 {[%clk 01:31:32]} {[%emt 00:00:19]} 10.
a3 {[%clk 01:27:26]} {[%emt 00:03:08]} Bb7 {[%clk 01:29:54]} {[%emt 00:02:08]}
11. O-O {[%clk 01:26:52]} {[%emt 00:01:04]} Be7 {[%clk 01:25:47]} {[%emt
00:04:37]} 12. Nd5 {[%clk 01:17:54]} {[%emt 00:09:28]} Nxd5 {[%clk 01:24:28]}
{[%emt 00:01:49]} 13. exd5 {[%clk 01:18:09]} {[%emt 00:00:15]} h4 {[%clk
01:23:09]} {[%emt 00:01:49]} 14. Nc3 {[%clk 01:10:19]} {[%emt 00:08:20]} O-O
{[%clk 01:17:07]} {[%emt 00:06:32]} 15. g4 {[%clk 01:03:21]} {[%emt 00:07:28]}
Rc8 {[%clk 01:03:08]} {[%emt 00:14:29]} 16. Be3 {[%clk 00:56:27]} {[%emt
00:07:25]} Nb6 {[%clk 00:52:49]} {[%emt 00:10:49]} 17. Be4 {[%clk 00:31:01]}
{[%emt 00:25:55]} Nc4 {[%clk 00:42:45]} {[%emt 00:10:34]} 18. Bc1 {[%clk
00:31:12]} {[%emt 00:00:19]} Bg5 {[%clk 00:36:25]} {[%emt 00:06:50]} 19. Ne2
{[%clk 00:26:53]} {[%emt 00:04:49]} Bxc1 {[%clk 00:21:17]} {[%emt 00:15:38]}
20. Qxc1 {[%clk 00:27:12]} {[%emt 00:00:11]} Qa5 {[%clk 00:16:58]} {[%emt
00:04:49]} 21. Bf5 {[%clk 00:15:22]} {[%emt 00:12:20]} Bxd5 {[%clk 00:07:42]}
{[%emt 00:09:46]} 22. b4 {[%clk 00:13:36]} {[%emt 00:02:16]} Qb6 {[%clk
00:06:19]} {[%emt 00:01:54]} 23. Bxc8 {[%clk 00:13:23]} {[%emt 00:00:42]} Rxc8
{[%clk 00:06:21]} {[%emt 00:00:28]} 24. Qd1 {[%clk 00:03:14]} {[%emt 00:10:39]}
Qb7 {[%clk 00:05:33]} {[%emt 00:01:19]} 25. Kh2 {[%clk 00:00:50]} {[%emt
00:02:54]} Bf3 {[%clk 00:01:53]} {[%emt 00:04:09]} 26. Qe1 {[%clk 00:01:11]}
{[%emt 00:00:09]} Qe4 {[%clk 00:01:39]} {[%emt 00:00:44]} 27. Nc3 {[%clk
00:00:41]} {[%emt 00:01:00]} Qf4+ {[%clk 00:01:56]} {[%emt 00:00:14]} 28. Kg1
{[%clk 00:00:53]} {[%emt 00:00:18]} Nd2 {[%clk 00:02:07]} {[%emt 00:00:19]} 29.
Ne2 {[%clk 00:00:34]} {[%emt 00:00:49]} Bxe2 {[%clk 00:01:45]} {[%emt
00:00:52]} 30. Qxe2 {[%clk 00:00:35]} {[%emt 00:00:29]} Rxc2 {[%clk 00:01:10]}
{[%emt 00:01:04]} 31. Qd3 {[%clk 00:00:36]} {[%emt 00:00:30]} Nf3+ {[%clk
00:01:12]} {[%emt 00:00:27]} 32. Kg2 {[%clk 00:00:56]} {[%emt 00:00:10]} Qh2+
{[%clk 00:01:08]} {[%emt 00:00:34]} 33. Kxf3 {[%clk 00:01:15]} {[%emt
00:00:11]} e4+ {[%clk 00:00:39]} {[%emt 00:01:00]} 34. Qxe4 {[%clk 00:00:31]}
{[%emt 00:01:13]} Qxh3+ {[%clk 00:00:48]} {[%emt 00:00:20]} 35. Kf4 {[%clk
00:00:39]} {[%emt 00:00:23]} Rc4 {[%clk 00:00:47]} {[%emt 00:00:31]} 36. f3
{[%clk 00:00:32]} {[%emt 00:00:38]} Qg3+ {[%clk 00:00:50]} {[%emt 00:00:26]}
37. Ke3 {[%clk 00:00:55]} {[%emt 00:00:07]} Rxe4+ {[%clk 00:01:00]} {[%emt
00:00:21]} 38. Kxe4 {[%clk 00:01:24]} Qe5+ {[%clk 00:01:07]} {[%emt 00:00:23]}
39. Kd3 {[%clk 00:01:49]} {[%emt 00:00:04]} Qf4 {[%clk 00:01:02]} {[%emt
00:00:35]} 40. Rae1 {[%clk 00:01:29]} {[%emt 00:00:51]} h3 {[%clk 00:00:49]}
{[%emt 00:00:42]} 41. Re8+ {[%clk 00:28:48]} {[%emt 00:03:11]} Kh7 {[%clk
00:30:55]} {[%emt 00:00:24]} 42. Re4 {[%clk 00:27:58]} {[%emt 00:01:20]} Qg3
{[%clk 00:28:08]} {[%emt 00:03:17]} 43. Re2 {[%clk 00:27:15]} {[%emt 00:01:13]}
h2 {[%clk 00:24:57]} {[%emt 00:03:41]} 44. Ree1 {[%clk 00:25:06]} {[%emt
00:02:38]} Kg6 {[%clk 00:22:57]} {[%emt 00:02:31]} 45. Kd4 {[%clk 00:24:02]}
{[%emt 00:01:34]} Qf4+ {[%clk 00:21:51]} {[%emt 00:01:35]} 46. Kd3 {[%clk
00:21:36]} {[%emt 00:02:57]} d5 {[%clk 00:11:16]} {[%emt 00:11:05]} 47. Ra1
{[%clk 00:19:54]} {[%emt 00:02:12]} Qc4+ {[%clk 00:09:22]} {[%emt 00:02:24]}
48. Kd2 {[%clk 00:19:48]} {[%emt 00:00:36]} d4 {[%clk 00:08:30]} {[%emt
00:01:22]} 49. Rfc1 {[%clk 00:18:49]} {[%emt 00:01:28]} Qb3 {[%clk 00:08:36]}
{[%emt 00:00:24]} 50. Rf1 {[%clk 00:17:45]} {[%emt 00:01:35]} Qc3+ {[%clk
00:08:16]} {[%emt 00:00:49]} 51. Ke2 {[%clk 00:17:47]} {[%emt 00:00:28]} Qc2+
{[%clk 00:08:17]} {[%emt 00:00:30]} 52. Ke1 {[%clk 00:17:02]} {[%emt 00:01:15]}
d3 {[%clk 00:08:36]} {[%emt 00:00:11]} 53. f4 {[%clk 00:16:42]} {[%emt
00:00:49]} Qe2# {[%clk 00:08:28]} {[%emt 00:00:22]} 0-1

[Event "ODJM B 2024"]
[Site "Willingen GER"]
[Date "2024.05.24"]
[Round "8"]
[White "Walter, Richard"]
[Black "Frydel, Marcel"]
[Result "1-0"]
[Termination "normal"]
[Board "3"]
[WhiteElo "1719"]
[BlackElo "1692"]
[WhiteClock "01:42:09"]
[BlackClock "00:30:19"]
[PlyCount "105"]
[WhiteFideId "34620028"]
[BlackFideId "16245733"]
[EventCountry "GER"]
[EventRounds "9"]
[EventType "swiss"]
[EventDate "2024.05.18"]

1. d4 {[%clk 01:30:59]} d5 {[%clk 01:30:39]} {[%emt 00:00:22]} 2. Nf3 {[%clk
01:31:24]} {[%emt 00:00:04]} Bf5 {[%clk 01:31:03]} {[%emt 00:00:06]} 3. g3
{[%clk 01:31:47]} {[%emt 00:00:07]} e6 {[%clk 01:31:00]} {[%emt 00:00:33]} 4.
Bg2 {[%clk 01:32:13]} {[%emt 00:00:04]} c5 {[%clk 01:29:57]} {[%emt 00:01:34]}
5. O-O {[%clk 01:30:51]} {[%emt 00:01:51]} Nf6 {[%clk 01:29:44]} {[%emt
00:00:43]} 6. c4 {[%clk 01:30:32]} {[%emt 00:00:49]} Nc6 {[%clk 01:27:39]}
{[%emt 00:02:35]} 7. cxd5 {[%clk 01:30:08]} {[%emt 00:00:55]} Nxd5 {[%clk
01:25:04]} {[%emt 00:03:05]} 8. a3 {[%clk 01:27:18]} {[%emt 00:03:20]} Be7
{[%clk 01:23:07]} {[%emt 00:02:26]} 9. Nc3 {[%clk 01:26:15]} {[%emt 00:01:33]}
Nxc3 {[%clk 01:18:49]} {[%emt 00:04:48]} 10. bxc3 {[%clk 01:22:54]} {[%emt
00:03:51]} Be4 {[%clk 01:12:35]} {[%emt 00:06:44]} 11. Qa4 {[%clk 01:21:07]}
{[%emt 00:02:17]} cxd4 {[%clk 01:11:20]} {[%emt 00:01:45]} 12. Nxd4 {[%clk
01:19:09]} {[%emt 00:02:29]} Bxg2 {[%clk 01:11:04]} {[%emt 00:00:45]} 13. Kxg2
{[%clk 01:19:33]} {[%emt 00:00:06]} Qd5+ {[%clk 01:08:15]} {[%emt 00:03:19]}
14. f3 {[%clk 01:19:14]} {[%emt 00:00:49]} Qa5 {[%clk 01:02:28]} {[%emt
00:06:17]} 15. Qb3 {[%clk 01:18:14]} {[%emt 00:01:30]} Nxd4 {[%clk 00:57:21]}
{[%emt 00:05:37]} 16. Qxb7 {[%clk 01:15:48]} {[%emt 00:02:56]} Rd8 {[%clk
00:51:20]} {[%emt 00:06:31]} 17. cxd4 {[%clk 01:16:01]} {[%emt 00:00:17]} Rxd4
{[%clk 00:50:28]} {[%emt 00:01:22]} 18. Qc6+ {[%clk 01:16:24]} {[%emt
00:00:07]} Kf8 {[%clk 00:46:17]} {[%emt 00:04:42]} 19. Be3 {[%clk 01:16:16]}
{[%emt 00:00:38]} Rd8 {[%clk 00:39:43]} {[%emt 00:07:03]} 20. Rfd1 {[%clk
01:16:09]} {[%emt 00:00:36]} g5 {[%clk 00:37:25]} {[%emt 00:02:49]} 21. Rxd8+
{[%clk 01:15:23]} {[%emt 00:01:16]} Bxd8 {[%clk 00:36:20]} {[%emt 00:01:36]}
22. Qc5+ {[%clk 01:15:24]} {[%emt 00:00:28]} Qxc5 {[%clk 00:34:09]} {[%emt
00:02:41]} 23. Bxc5+ {[%clk 01:15:47]} {[%emt 00:00:06]} Be7 {[%clk 00:32:17]}
{[%emt 00:02:23]} 24. Bxa7 {[%clk 01:16:11]} {[%emt 00:00:07]} Kg7 {[%clk
00:32:38]} {[%emt 00:00:08]} 25. a4 {[%clk 01:16:17]} {[%emt 00:00:24]} Ra8
{[%clk 00:32:51]} {[%emt 00:00:17]} 26. Bd4+ {[%clk 01:16:25]} {[%emt
00:00:22]} Bf6 {[%clk 00:32:51]} {[%emt 00:00:30]} 27. Bxf6+ {[%clk 01:16:48]}
{[%emt 00:00:07]} Kxf6 {[%clk 00:33:14]} {[%emt 00:00:07]} 28. a5 {[%clk
01:17:07]} {[%emt 00:00:11]} Ra6 {[%clk 00:33:33]} {[%emt 00:00:11]} 29. e4
{[%clk 01:17:09]} {[%emt 00:00:28]} Ke5 {[%clk 00:33:27]} {[%emt 00:00:35]} 30.
Ra4 {[%clk 01:17:25]} {[%emt 00:00:15]} h5 {[%clk 00:31:38]} {[%emt 00:02:19]}
31. Kf2 {[%clk 01:17:11]} {[%emt 00:00:44]} Kd6 {[%clk 00:21:54]} {[%emt
00:10:14]} 32. Ke3 {[%clk 01:16:56]} {[%emt 00:00:45]} Kc5 {[%clk 00:20:57]}
{[%emt 00:01:27]} 33. f4 {[%clk 01:14:34]} {[%emt 00:02:52]} g4 {[%clk
00:20:30]} {[%emt 00:00:57]} 34. e5 {[%clk 01:14:33]} {[%emt 00:00:30]} Kb5
{[%clk 00:18:11]} {[%emt 00:02:49]} 35. Ra1 {[%clk 01:14:50]} {[%emt 00:00:13]}
Kc4 {[%clk 00:09:28]} {[%emt 00:09:14]} 36. f5 {[%clk 01:13:31]} {[%emt
00:01:49]} Kd5 {[%clk 00:07:59]} {[%emt 00:01:59]} 37. Kf4 {[%clk 01:13:34]}
{[%emt 00:00:27]} exf5 {[%clk 00:07:29]} {[%emt 00:01:00]} 38. Kxf5 {[%clk
01:13:59]} {[%emt 00:00:05]} Kd4 {[%clk 00:06:34]} {[%emt 00:01:26]} 39. Kg5
{[%clk 01:13:01]} {[%emt 00:01:28]} Kxe5 {[%clk 00:06:15]} {[%emt 00:00:48]}
40. Kxh5 {[%clk 01:11:47]} {[%emt 00:01:44]} f5 {[%clk 00:05:52]} {[%emt
00:00:54]} 41. Kg5 {[%clk 01:11:50]} {[%emt 00:00:25]} Ke4 {[%clk 00:02:42]}
{[%emt 00:03:41]} 42. Ra4+ {[%clk 01:11:26]} {[%emt 00:00:54]} Kf3 {[%clk
00:29:49]} {[%emt 00:03:23]} 43. Kxf5 {[%clk 01:40:44]} {[%emt 00:01:12]} Kg2
{[%clk 00:29:40]} {[%emt 00:00:39]} 44. Ra2+ {[%clk 01:41:08]} {[%emt
00:00:06]} Kh3 {[%clk 00:29:52]} {[%emt 00:00:18]} 45. Ra3 {[%clk 01:41:09]}
{[%emt 00:00:30]} Kxh2 {[%clk 00:29:53]} {[%emt 00:00:28]} 46. Kxg4 {[%clk
01:41:17]} {[%emt 00:00:22]} Kg2 {[%clk 00:29:46]} {[%emt 00:00:37]} 47. Ra2+
{[%clk 01:41:41]} {[%emt 00:00:06]} Kg1 {[%clk 00:29:56]} {[%emt 00:00:19]} 48.
Kf5 {[%clk 01:42:06]} {[%emt 00:00:05]} Ra8 {[%clk 00:29:14]} {[%emt 00:01:13]}
49. a6 {[%clk 01:42:18]} {[%emt 00:00:19]} Rg8 {[%clk 00:29:32]} {[%emt
00:00:10]} 50. g4 {[%clk 01:41:32]} {[%emt 00:01:16]} Rf8+ {[%clk 00:29:42]}
{[%emt 00:00:20]} 51. Ke6 {[%clk 01:41:22]} {[%emt 00:00:40]} Re8+ {[%clk
00:29:56]} {[%emt 00:00:17]} 52. Kf7 {[%clk 01:41:47]} {[%emt 00:00:05]} Ra8
{[%clk 00:30:19]} {[%emt 00:00:07]} 53. a7 {[%clk 01:42:09]} {[%emt 00:00:08]}
1-0